Minecraft Players by Clue - Statistics

General Stats
  • This quiz has been taken 88 times
  • The average score is 6 of 11
Answer Stats
Clue Player % Correct
Known for the manhunt series, co-owns MunchyMC, held the 1.9-1.15 random seed glitchless speedrun record multiple times Dream
88%
Famous for his pvp skills, former record holder of 4v4 Hypixel bedwars winstreak Technoblade
73%
Known for his redstone skills (and being AFK), active member of the Hermitcraft server MumboJumbo
70%
Popular builder, member of the Hermitcraft server, also known for "Pesky Bird" and the "_________ AFK" song Grian
62%
Often called the Minecraft MrBeast for hosting $1000 events on his server, "traps kids" Skeppy
61%
Runs the most popular gaming channel on YouTube PewDiePie
55%
Creator of the Impossible mode, Baby mode, and the Impossible++ mode Fundy
49%
Owner of the MunchyMC server, an underrated player who has killed ____ multiple times in the manhunt series BadBoyHalo
47%
Beaten the pre-1.9 random seed glitchless speedrun record several times, one of the most well-known speedrunners in the community, A former member of the Java edition speedrun mod team Illumina
22%
Known for his hardcore series and challenges, also one of the first to beat the Impossible (and Impossible++) mode without dying WadZee
15%
An infamous griefer on 2b2t, Gained backdoor access to 2b2t PopBob
9%
No matching quizzes found
Score Distribution
Percent of People with Each Score
Percentile by Number Answered
Your Score History
You have not taken this quiz